[Event "ch-FRA Blitz Online Qual"]
[Site "Europe-Chess INT"]
[Date "2020.05.16"]
[Round "8"]
[White "Sureau, Corentin"]
[Black "Robert, Yoann"]
[Result "0-1"]
[WhiteElo "1686"]
[BlackElo "2071"]
[WhiteFideId "36067687"]
[BlackFideId "36018805"]
[EventDate "2020.05.16"]

1. e4 c5 2. Nf3 Nf6 3. d4 cxd4 4. Qxd4 Nc6 5. Qe3 e5 6. Nc3 Bb4 7. Bc4 O-O 8.
Bd2 Bxc3 9. Bxc3 Qc7 10. O-O a6 11. Bb3 b5 12. a3 d6 13. Rad1 Bb7 14. Ba2 h6 15.
b4 Nd8 16. Bd5 Bxd5 17. exd5 Rc8 18. Ba1 Nb7 19. Rd2 Qc4 20. Rfd1 Ng4 21. Qe2 f5
22. Qxc4 Rxc4 23. h3 Nf6 24. g3 Rfc8 25. Nh4 Rxc2 26. Rxc2 Rxc2 27. Nxf5 Kf7 28.
Ne3 Ra2 29. f4 exf4 30. gxf4 Rxa3 31. Kf2 Nh5 32. Rc1 Nd8 33. Nf5 Nxf4 34. Nxd6+
Kg6 35. Rg1+ Kh5 36. Rg3 Rxa1 37. Nf5 Ra2+ 38. Kf1 g5 39. Ne7 Nf7 40. Nc8 Nxd5
41. Rf3 Ne5 42. Rf5 Ne3+ 43. Ke1 Nxf5 44. Nb6 Nd3+ 45. Kd1 Ne3# 0-1

[Event "ch-FRA Blitz Online Qual"]
[Site "Europe-Chess INT"]
[Date "2020.05.16"]
[Round "8"]
[White "Eveno, Nathan"]
[Black "Paralieu, Maxime"]
[Result "0-1"]
[WhiteElo "2069"]
[BlackElo "1569"]
[WhiteFideId "45132178"]
[BlackFideId "45154171"]
[EventDate "2020.05.16"]

1. e4 e5 2. Nf3 Nc6 3. Bb5 Nf6 4. O-O Nxe4 5. Re1 Nd6 6. Nxe5 Be7 7. Bd3 O-O 8.
Nc3 h6 9. b3 Bf6 10. Ng4 Bd4 11. Ba3 b6 12. Bxd6 cxd6 13. Qf3 Bb7 14. Qf5 g6 15.
Nxh6+ Kg7 16. Qf4 Be5 17. Qe3 Rh8 18. Ng4 Qh4 19. h3 Bd4 20. Qf3 Ne5 21. Qxb7
Nxg4 22. Qf3 Bxf2+ 0-1

[Event "ch-FRA Blitz Online Qual"]
[Site "Europe-Chess INT"]
[Date "2020.05.16"]
[Round "8"]
[White "Mareau, Timothe"]
[Black "Neau, Julien"]
[Result "0-1"]
[WhiteElo "1642"]
[BlackElo "1916"]
[WhiteFideId "45148864"]
[BlackFideId "631388"]
[EventDate "2020.05.16"]

1. e4 d6 2. d4 Nf6 3. Nc3 g6 4. Be3 c6 5. f3 Qb6 6. Na4 Qa5+ 7. Nc3 Qb6 8. Na4
Qa5+ 9. Nc3 b5 10. Qd2 Bg7 11. Nge2 Nbd7 12. h4 h5 13. a3 a6 14. O-O-O Rb8 15.
Na2 Qxd2+ 16. Rxd2 Bb7 17. Nf4 O-O 18. Bd3 c5 19. Rg1 cxd4 20. Bxd4 e5 21. Be3
exf4 22. Bxf4 Ne5 23. Kb1 Rbc8 24. Rf2 Nxd3 25. cxd3 Rfd8 26. g4 Kh7 27. gxh5
Nxh5 28. Be3 d5 29. Nb4 dxe4 30. dxe4 a5 31. Nc2 b4 32. axb4 axb4 33. Nxb4 Rc4
34. Nc2 Ba6 35. Ka1 Ra8 36. Kb1 Rb8 37. Na3 Ra4 38. Bc5 Ra5 39. Rg5 Rxc5 40.
Rxc5 Bd4 41. Rcc2 Bxf2 42. Rxf2 Nf4 43. Rc2 Bd3 44. Kc1 Bxc2 45. Nxc2 Kh6 46.
Nd4 Kh5 47. Kd2 Kxh4 48. Ke3 Ne6 49. Ne2 Rxb2 50. f4 Rb3+ 51. Kf2 Rb2 52. f5
gxf5 53. exf5 Nf4 54. Ke3 Nxe2 55. f6 Kg5 56. Ke4 Kxf6 57. Kd5 Kf5 58. Kc4 Ke4
59. Kc5 f5 60. Kd6 f4 61. Ke6 f3 62. Kf6 f2 63. Ke6 Rb6+ 64. Kd7 Rh6 65. Kc7
f1=Q 66. Kd7 Qf7+ 67. Kd8 0-1

[Event "ch-FRA Blitz Online Qual"]
[Site "Europe-Chess INT"]
[Date "2020.05.16"]
[Round "8"]
[White "Krajewski, Thomas"]
[Black "Sumarriva Paulin, Laura"]
[Result "0-1"]
[BlackTitle "WFM"]
[WhiteElo "1273"]
[BlackElo "2023"]
[WhiteFideId "45103429"]
[BlackFideId "45102635"]
[EventDate "2020.05.16"]

1. d4 d5 2. Bf4 c5 3. c3 Nc6 4. e3 e6 5. Nd2 Bd6 6. Bg3 Nf6 7. Ngf3 O-O 8. Ne5
Qe7 9. Bd3 cxd4 10. exd4 Nd7 11. f4 f6 12. Qh5 g6 13. Nxg6 hxg6 14. Qxg6+ Qg7
15. Qh5 e5 16. fxe5 fxe5 17. O-O-O Be7 18. dxe5 Ndxe5 19. Bxe5 Nxe5 20. Bc2 Bg4
21. Qh7+ Qxh7 22. Bxh7+ Kxh7 23. Rde1 Nd3+ 24. Kc2 Nxe1+ 25. Rxe1 Bg5 0-1

[Event "ch-FRA Blitz Online Qual"]
[Site "Europe-Chess INT"]
[Date "2020.05.16"]
[Round "8"]
[White "Macqueron, Gregory"]
[Black "Ciarletta, Iris"]
[Result "1-0"]
[WhiteElo "1927"]
[BlackElo "1493"]
[WhiteFideId "551004240"]
[BlackFideId "45133263"]
[EventDate "2020.05.16"]

1. e4 c5 2. Nc3 g6 3. f4 Bg7 4. Nf3 Nc6 5. a3 d6 6. Bc4 Bg4 7. Bxf7+ Kf8 8. Bc4
Nd4 9. Nxd4 cxd4 10. Qxg4 dxc3 11. Qe6 Qe8 12. bxc3 Nf6 13. d4 Rc8 14. e5 Ne4
15. O-O Nxc3 16. f5 dxe5 17. fxg6+ Bf6 18. Bh6# 1-0

[Event "ch-FRA Blitz Online Qual"]
[Site "Europe-Chess INT"]
[Date "2020.05.16"]
[Round "8"]
[White "Leonardy, Batiste"]
[Black "Cavailles, Evan"]
[Result "0-1"]
[WhiteElo "1177"]
[BlackElo "2018"]
[WhiteFideId "36062880"]
[BlackFideId "36048445"]
[EventDate "2020.05.16"]

1. e4 c5 2. Nf3 Nc6 3. d4 cxd4 4. Nxd4 Qb6 5. Nb3 Nf6 6. Nc3 e6 7. Be3 Qc7 8.
Nb5 Qb8 9. Bd3 a6 10. Nc3 Be7 11. O-O b5 12. f4 d6 13. a4 b4 14. Ne2 Bb7 15.
Ned4 Qc7 16. Qe2 O-O 17. Nxc6 Bxc6 18. Bxa6 Bxe4 19. Bd3 Bxd3 20. cxd3 Nd5 21.
a5 Bf6 22. Bd4 Bxd4+ 23. Nxd4 Rxa5 24. Rxa5 Qxa5 25. Nc6 Qb6+ 0-1

[Event "ch-FRA Blitz Online Qual"]
[Site "Europe-Chess INT"]
[Date "2020.05.16"]
[Round "8"]
[White "Batout, Ethan"]
[Black "Tomasi, Elise"]
[Result "0-1"]
[WhiteElo "1267"]
[BlackElo "2030"]
[WhiteFideId "551081806"]
[BlackFideId "26088843"]
[EventDate "2020.05.16"]

1. d4 d5 2. c4 e6 3. Nc3 Be7 4. cxd5 exd5 5. e3 c6 6. Bd3 Nf6 7. Qc2 g6 8. Nge2
Nh5 9. O-O Ng7 10. b3 O-O 11. Ng3 Nd7 12. Bb2 Nf6 13. h3 Re8 14. Rfe1 Bd6 15. e4
Bxg3 16. fxg3 dxe4 17. Nxe4 Nxe4 18. Bxe4 f5 19. Bf3 Be6 20. Rad1 Bd5 21. Bxd5+
Qxd5 22. Qd3 Rad8 23. Qc4 Ne6 24. Qxd5 Rxd5 25. Re5 Nc7 26. Rxe8+ Nxe8 27. Re1
Kf7 28. Kf2 Nf6 29. Kf3 Ne4 30. h4 c5 31. dxc5 Rxc5 32. g4 Rc2 33. gxf5 Nd2+ 34.
Ke3 Rxb2 35. fxg6+ Kxg6 36. Re2 Nf1+ 37. Kf2 Rxe2+ 38. Kxe2 Ng3+ 39. Kf3 Nf5 40.
Kf4 Nxh4 41. Kg4 Nxg2 42. Kg3 Ne1 0-1

[Event "ch-FRA Blitz Online Qual"]
[Site "Europe-Chess INT"]
[Date "2020.05.16"]
[Round "8"]
[White "Daurelle, Herve"]
[Black "Kvashyna, Tetyana"]
[Result "1-0"]
[WhiteTitle "FM"]
[WhiteElo "2205"]
[BlackElo "1764"]
[WhiteFideId "602655"]
[BlackFideId "641510"]
[EventDate "2020.05.16"]

1. e4 e5 2. Nf3 Nc6 3. d4 exd4 4. Bc4 Bc5 5. O-O Nf6 6. e5 d5 7. exf6 dxc4 8.
fxg7 Rg8 9. Bg5 Be7 10. Re1 Be6 11. Bxe7 Qxe7 12. Nxd4 O-O-O 13. Nxc6 bxc6 14.
Qf3 Rxg7 15. Qxc6 Qg5 16. Qa8+ Kd7 17. Rd1+ Ke8 18. Qxd8+ Qxd8 19. Rxd8+ Kxd8
20. Nc3 Bh3 21. g3 h5 22. Rd1+ Kc8 23. f4 h4 24. Kf2 hxg3+ 25. hxg3 Bg4 26. Rd4
Be6 27. Ne4 Rh7 28. Kg1 Rg7 29. Ng5 c5 30. Nxe6 fxe6 31. Rxc4 Rxg3+ 32. Kf2 Rg4
33. Rxc5+ Kd7 34. Ke3 Rh4 35. Ke4 Rh2 36. Ke5 Re2+ 37. Kf6 Kd6 38. b4 Re4 39. f5
exf5 40. Rxf5 Rxb4 41. Ra5 Rb7 42. Kf5 Kc6 43. Ke4 Kb6 44. Rd5 a5 45. Kd4 Rc7
46. c4 Rc6 47. Rb5+ Ka6 48. a4 Rh6 49. Rd5 Rh4+ 50. Kc5 Rh6 51. Rd6+ Rxd6 52.
Kxd6 Kb7 53. c5 Kc8 54. Kc6 Kb8 55. Kd7 Ka7 56. c6 Kb8 57. c7+ Ka7 58. c8=Q Kb6
59. Qc6+ Ka7 60. Qc5+ Ka6 61. Qb5+ Ka7 62. Kc7 Ka8 63. Qa6# 1-0

[Event "ch-FRA Blitz Online Qual"]
[Site "Europe-Chess INT"]
[Date "2020.05.16"]
[Round "8"]
[White "Staune, Jean"]
[Black "Nizard, Roger"]
[Result "0-1"]
[WhiteElo "1719"]
[BlackElo "2144"]
[WhiteFideId "26091631"]
[BlackFideId "604569"]
[EventDate "2020.05.16"]

1. e4 c5 2. c3 Nf6 3. e5 Nd5 4. d4 e6 5. Nf3 d6 6. Bb5+ Bd7 7. Bxd7+ Nxd7 8.
exd6 Bxd6 9. dxc5 Nxc5 10. O-O h6 11. Na3 O-O 12. Nc4 Be7 13. Ne3 Nf4 14. Nc4
Ng6 15. Be3 Qc7 16. Qe2 Rfd8 17. Rfd1 b5 18. Ncd2 a6 19. h3 Nf4 20. Bxf4 Qxf4
21. Qe5 Bd6 22. Qxf4 Bxf4 23. Nf1 Na4 24. Rab1 Rxd1 25. Rxd1 Nxb2 26. Rd4 Bc7
27. Rd7 Rc8 28. Nd4 Na4 29. Nc6 Nc5 30. Ne7+ Kf8 31. Nxc8 Nxd7 32. Na7 Ba5 33.
Nc6 Bxc3 34. Ne3 Nc5 35. Kf1 Na4 36. Ke2 Bb2 37. Kd3 Ke8 38. Nb4 Nc5+ 39. Kc2
Bf6 40. Ng4 Be7 41. Nd3 Nxd3 42. Kxd3 Bd6 43. Kd4 Kd7 44. Ne3 Kc6 45. f3 Bc5+
46. Kd3 Bxe3 47. Kxe3 Kd5 48. Kd3 a5 49. a3 e5 50. g3 f5 51. f4 e4+ 52. Ke3 b4
53. axb4 axb4 54. Kd2 Kd4 55. Kc2 e3 56. Kb3 e2 57. Kxb4 e1=Q+ 0-1

[Event "ch-FRA Blitz Online Qual"]
[Site "Europe-Chess INT"]
[Date "2020.05.16"]
[Round "8"]
[White "Nicolas, Guillaume"]
[Black "Sere, Nicolas"]
[Result "1-0"]
[WhiteElo "2143"]
[BlackElo "1753"]
[WhiteFideId "20646607"]
[BlackFideId "36014320"]
[EventDate "2020.05.16"]

1. e4 c5 2. Nf3 e6 3. d4 cxd4 4. Nxd4 Nf6 5. Bd3 Nc6 6. Nxc6 bxc6 7. O-O e5 8.
c4 Be7 9. Nc3 O-O 10. h3 Bb7 11. Be3 d5 12. exd5 cxd5 13. cxd5 Nxd5 14. Nxd5
Qxd5 15. f3 Bc5 16. Qe2 Rfd8 17. Be4 Bxe3+ 18. Qxe3 Qb5 19. b3 Bxe4 20. Qxe4
Rac8 21. Rfd1 f6 22. Kh2 Qc5 23. b4 Qf2 24. Rac1 Qb6 25. a4 Rxc1 26. Rxc1 Rd4
27. Qa8+ Kf7 28. Rc6 Qxb4 29. Qxa7+ Kg6 30. Rc7 Qf8 31. a5 e4 32. Qxd4 exf3 33.
Qg4+ Kh6 34. Qxf3 Qd6+ 35. Qg3 Qa6 36. Qxg7+ 1-0

[Event "ch-FRA Blitz Online Qual"]
[Site "Europe-Chess INT"]
[Date "2020.05.16"]
[Round "8"]
[White "Briand, Maxime"]
[Black "Rode, Antony"]
[Result "1-0"]
[WhiteElo "1662"]
[BlackElo "2055"]
[WhiteFideId "651016397"]
[BlackFideId "626236"]
[EventDate "2020.05.16"]

1. d4 Nf6 2. c4 c5 3. d5 e5 4. Nc3 d6 5. e4 Be7 6. g3 h5 7. Bg2 h4 8. Nge2 Nbd7
9. O-O Nf8 10. f4 hxg3 11. Nxg3 Bg4 12. Qc2 exf4 13. Bxf4 Nh5 14. e5 Nxf4 15.
Rxf4 Bd7 16. exd6 Bxd6 17. Re1+ Be6 18. dxe6 Bxf4 19. exf7+ Kxf7 20. Bd5+ Kf6
21. Qf5# 1-0

[Event "ch-FRA Blitz Online Qual"]
[Site "Europe-Chess INT"]
[Date "2020.05.16"]
[Round "8"]
[White "Van Hoolandt, Patrick"]
[Black "Sylvestre-Baron, Laurent"]
[Result "0-1"]
[WhiteTitle "FM"]
[WhiteElo "2063"]
[BlackElo "1728"]
[WhiteFideId "200999"]
[BlackFideId "20698585"]
[EventDate "2020.05.16"]

1. d4 Nf6 2. c4 g6 3. Nc3 d5 4. cxd5 Nxd5 5. Bd2 Bg7 6. e4 Nxc3 7. Bxc3 c5 8. d5
O-O 9. Bxg7 Kxg7 10. Qd2 Qc7 11. Rc1 Rd8 12. Qc3+ Kg8 13. Qxc5 Qe5 14. Bd3 Qxb2
15. Ne2 Nd7 16. Qxe7 Rf8 17. O-O Qxa2 18. Rxc8 Raxc8 19. Qxd7 Qd2 20. Qb5 a6 21.
Qb1 b5 22. Rd1 Qg5 23. Nd4 Qf6 24. Nc6 Rxc6 25. dxc6 Qxc6 26. Qb2 Rd8 27. Rc1
Rxd3 28. h3 Qe8 29. Rc7 Rd1+ 30. Kh2 Rb1 31. Qc3 Rb3 32. Qc5 Qxe4 33. Rc8+ Kg7
34. Qf8+ Kf6 35. Qh8+ Kg5 36. Rc5+ f5 37. Qd8+ Kh6 38. Qf8+ Kg5 39. Qd8+ Kh6 40.
Qd2+ Kg7 41. Rc7+ Kf6 42. Qd6+ Kg5 43. Qd8+ Kh6 44. Qf8+ Kg5 45. Qd8+ Kh6 46.
Qd2+ f4 47. g3 Kh5 48. g4+ Kh6 49. Rf7 Qf3 50. Qxf4+ Qxf4+ 51. Rxf4 a5 52. Rf7
a4 53. Ra7 a3 54. h4 Rb4 55. g5+ Kh5 56. Rxh7+ Kg4 57. h5 Kxg5 58. hxg6 Kxg6 59.
Ra7 Ra4 60. Rb7 a2 61. Rxb5 a1=Q 62. Rb6+ Kf5 63. Rb5+ Ke4 64. Rg5 Qe5+ 65.
Rxe5+ Kxe5 66. Kg3 Kf5 67. f3 Rc4 68. Kg2 Kf4 69. Kf2 Rc3 70. Kg1 Rxf3 71. Kg2
Kg4 72. Kh2 Rc3 73. Kg1 Rc2 74. Kf1 Kf3 75. Ke1 Rh2 76. Kd1 Ke3 77. Kc1 Kd3 78.
Kb1 Kc3 79. Ka1 Kb3 80. Kb1 Rh1# 0-1

[Event "ch-FRA Blitz Online Qual"]
[Site "Europe-Chess INT"]
[Date "2020.05.16"]
[Round "8"]
[White "Lapitski, Yaroslav"]
[Black "Djidjeli, Sarah"]
[Result "0-1"]
[WhiteElo "1765"]
[BlackElo "2074"]
[WhiteFideId "13519468"]
[BlackFideId "36067474"]
[EventDate "2020.05.16"]

1. Nf3 Nf6 2. c4 g6 3. Nc3 Bg7 4. e4 c6 5. d4 d5 6. e5 Ne4 7. Nxe4 dxe4 8. Ng5
c5 9. d5 Bxe5 10. Nxe4 O-O 11. Bd3 e6 12. dxe6 Bxe6 13. O-O Qc7 14. Ng3 Nc6 15.
Rb1 Rad8 16. Qe2 Nd4 17. Qd1 Nf5 18. Nxf5 Bxf5 19. Re1 Rxd3 20. Qe2 Rdd8 21. Bg5
Rde8 22. Bh6 Bxh2+ 23. Kh1 Rxe2 24. Rxe2 Bxb1 25. Bxf8 Kxf8 26. g3 Bxg3 27. fxg3
Qxg3 28. b3 Bd3 29. Rg2 Be4 0-1

[Event "ch-FRA Blitz Online Qual"]
[Site "Europe-Chess INT"]
[Date "2020.05.16"]
[Round "8"]
[White "Viennois, Romain"]
[Black "Courjal, Pauline"]
[Result "0-1"]
[WhiteElo "1981"]
[BlackElo "1848"]
[WhiteFideId "634204"]
[BlackFideId "45147841"]
[EventDate "2020.05.16"]

1. e4 e6 2. d4 d5 3. Nd2 dxe4 4. Nxe4 Nd7 5. Bd3 Ngf6 6. Nf3 Nxe4 7. Bxe4 Nf6 8.
Bd3 Be7 9. Qe2 O-O 10. Bd2 b6 11. O-O-O Bb7 12. Rhg1 c5 13. dxc5 bxc5 14. Bc3
Qb6 15. Ne5 Bd5 16. a3 Rac8 17. g4 c4 18. Nxc4 Bxc4 19. Bxc4 Qc7 20. Ba6 Rb8 21.
Be5 Qb6 22. g5 Nd5 23. Bd4 Qc6 24. Bd3 Rfc8 25. c3 Nf4 26. Qe3 Nxd3+ 27. Qxd3
Qb7 28. Qd2 Bxa3 29. Qe2 Bxb2+ 30. Kd2 Ba3 31. Ke1 Bd6 32. h4 Be7 33. h5 Qb2 34.
Qxb2 Rxb2 35. Rg3 Ra2 36. Rd2 Ra1+ 37. Ke2 Bd6 38. Rgd3 e5 39. Bxa7 Bb8 40. Be3
f6 41. Kf3 Ra3 0-1

[Event "ch-FRA Blitz Online Qual"]
[Site "Europe-Chess INT"]
[Date "2020.05.16"]
[Round "8"]
[White "Hasseine, Madiane"]
[Black "Vanlerberghe, Luc"]
[Result "1-0"]
[WhiteElo "2157"]
[BlackElo "1727"]
[WhiteFideId "45180482"]
[BlackFideId "671908"]
[EventDate "2020.05.16"]

1. d4 Nf6 2. c4 c5 3. d5 e6 4. Nc3 exd5 5. cxd5 d6 6. Nf3 g6 7. Bf4 Bg7 8. Qa4+
Bd7 9. Qb3 Bc8 10. Qb5+ Qd7 11. Bxd6 Na6 12. Qxd7+ Kxd7 13. Bg3 Nb4 14. Rc1
Nfxd5 15. Nxd5 Nxd5 16. Rxc5 Nb4 17. Rc7+ Ke8 18. e3 Be6 19. Bb5+ Kd8 20. O-O
Rc8 21. Rd1+ Nd5 22. Rxb7 1-0

[Event "ch-FRA Blitz Online Qual"]
[Site "Europe-Chess INT"]
[Date "2020.05.16"]
[Round "8"]
[White "Ludwiczak, Virginie"]
[Black "Dubois, Herve"]
[Result "1-0"]
[WhiteElo "1875"]
[BlackElo "1836"]
[WhiteFideId "20655592"]
[BlackFideId "636460"]
[EventDate "2020.05.16"]

1. c4 c5 2. Nf3 Nf6 3. g3 g6 4. Bg2 Bg7 5. d3 O-O 6. O-O Nc6 7. Nc3 d5 8. cxd5
Nxd5 9. Bd2 b6 10. Ne1 Nxc3 11. bxc3 Bb7 12. Rb1 Rc8 13. Qa4 Qc7 14. Nc2 Rfd8
15. Ne3 Na5 16. Bxb7 Qxb7 17. Qxa5 h5 18. Qa4 Bf6 19. Ng2 Kh7 20. Be3 g5 21. h4
g4 22. Nf4 c4 23. Qb5 e5 24. Nxh5 Bh8 25. d4 Rd5 26. Qb2 exd4 27. Qc2+ f5 28.
cxd4 Qf7 29. Nf4 Ra5 30. a4 c3 31. Rb5 Rc4 32. Rxa5 bxa5 33. Rd1 Qd7 34. d5 Qxa4
35. Qxf5+ 1-0

[Event "ch-FRA Blitz Online Qual"]
[Site "Europe-Chess INT"]
[Date "2020.05.16"]
[Round "8"]
[White "Deurvillier, Martial"]
[Black "Lauferon, Augustin"]
[Result "0-1"]
[WhiteElo "1556"]
[BlackElo "1865"]
[WhiteFideId "26017091"]
[BlackFideId "20655177"]
[EventDate "2020.05.16"]

1. d4 Nf6 2. Bg5 e6 3. e3 Be7 4. Nf3 O-O 5. Bd3 b6 6. c3 Bb7 7. O-O h6 8. Bh4 c5
9. Nbd2 d5 10. Re1 Nbd7 11. h3 Qc7 12. Bg3 Qc6 13. Ne5 Nxe5 14. Bxe5 Nd7 15. Nf3
Nxe5 16. Nxe5 Qd6 17. Bc2 Bf6 18. Nf3 cxd4 19. exd4 Ba6 20. Bd3 Bb7 21. Bc2 Rac8
22. Qd3 g6 23. Qd1 Rfe8 24. Ne5 Bxe5 25. Rxe5 Kg7 26. Qd2 f6 27. Re3 e5 28. Rae1
e4 29. f3 f5 30. fxe4 dxe4 31. Bb3 f4 32. R3e2 f3 33. gxf3 exf3 34. Rxe8 Qg3+
35. Kf1 Qxh3+ 36. Kf2 Qg2+ 37. Ke3 Rxe8+ 38. Kd3 f2 39. Rxe8 f1=Q+ 40. Kc2 Qxd2+
41. Kxd2 Qf2+ 42. Re2 Qf4+ 43. Re3 Be4 44. Bc4 h5 45. Bd3 Bxd3 46. Kxd3 h4 47.
Re7+ Kh6 0-1

[Event "ch-FRA Blitz Online Qual"]
[Site "Europe-Chess INT"]
[Date "2020.05.16"]
[Round "8"]
[White "Martin, Nils"]
[Black "Rahnama, Matin"]
[Result "1-0"]
[WhiteElo "1639"]
[BlackElo "1754"]
[WhiteFideId "45160473"]
[BlackFideId "45146039"]
[EventDate "2020.05.16"]

1. e4 c5 2. Nf3 d6 3. Bb5+ Nc6 4. c3 Bg4 5. O-O e5 6. h3 Bh5 7. d3 Be7 8. Nbd2
Nf6 9. Re1 O-O 10. Nf1 a6 11. Ba4 b5 12. Bc2 c4 13. Ng3 cxd3 14. Nxh5 dxc2 15.
Nxf6+ Bxf6 16. Qxc2 Rc8 17. Be3 Re8 18. Rad1 Qc7 19. Rd2 h6 20. Red1 Red8 21.
Qb3 Na5 22. Qc2 Nc4 23. Rd3 Qc6 24. b3 Nb6 25. R1d2 a5 26. Qd1 Be7 27. Nxe5 Qc7
28. Bxb6 Qxb6 29. Nf3 a4 30. Nd4 axb3 31. axb3 b4 32. c4 Bf6 33. Nf5 Be5 34.
Nxd6 Bxd6 35. Rxd6 Rxd6 36. Rxd6 Qb7 37. Qd5 Qa7 38. Rd8+ Rxd8 39. Qxd8+ Kh7 40.
Qd6 Qa1+ 41. Kh2 Qc3 42. Qc5 Qxb3 43. Qf5+ Kg8 44. c5 g6 45. Qd5 Qc3 46. c6 b3
47. Qd8+ Kg7 48. c7 Qe5+ 49. g3 b2 50. c8=Q b1=Q 51. Qh8# 1-0

[Event "ch-FRA Blitz Online Qual"]
[Site "Europe-Chess INT"]
[Date "2020.05.16"]
[Round "8"]
[White "Rousseau, Matthieu"]
[Black "Vasselin, Louis"]
[Result "1-0"]
[WhiteElo "1862"]
[BlackElo "1590"]
[WhiteFideId "26049724"]
[BlackFideId "36070238"]
[EventDate "2020.05.16"]

1. d4 d5 2. Bf4 Nf6 3. Nf3 e6 4. e3 c5 5. c3 Nc6 6. Bb5 Bd6 7. Bxd6 Qxd6 8. O-O
a6 9. Bxc6+ bxc6 10. Ne5 O-O 11. Nd2 cxd4 12. cxd4 Nd7 13. Ndf3 Nxe5 14. Nxe5 f6
15. Nd3 e5 16. dxe5 fxe5 17. Rc1 a5 18. Qa4 Bd7 19. Nc5 Rfc8 20. Rfd1 e4 21.
Nxe4 Qg6 22. Nc5 Bh3 23. g3 Rf8 24. Qh4 Qf5 25. Rd2 Rae8 26. Qf4 Qh5 27. Qh4 Qf5
28. Nd3 Rxe3 29. Nf4 Re4 30. Qxh3 Rxf4 31. Qxf5 R4xf5 32. Rxc6 h6 33. Rc5 Rd8
34. Rxa5 Re5 35. Kg2 Re4 36. Raxd5 Ra8 37. Rd8+ Rxd8 38. Rxd8+ Kf7 39. Rb8 Ra4
40. a3 Ra7 41. f4 Ke6 42. Kf3 Kd5 43. Rb4 Rc7 44. a4 Kc5 45. Rb5+ Kc4 46. b3+
Kc3 47. a5 Ra7 48. b4 Kc4 49. Rb6 Kb3 50. a6 Ka4 51. b5 Ka5 52. Rb7 Ra8 53. f5
Rf8 54. g4 g6 55. Kf4 g5+ 56. Ke5 Re8+ 57. Kf6 Rh8 58. a7 Ra8 59. Kg6 1-0

[Event "ch-FRA Blitz Online Qual"]
[Site "Europe-Chess INT"]
[Date "2020.05.16"]
[Round "8"]
[White "Laignel, Quentin"]
[Black "Pierre, Timothee"]
[Result "1-0"]
[WhiteElo "1420"]
[BlackElo "1858"]
[WhiteFideId "45169128"]
[BlackFideId "643076"]
[EventDate "2020.05.16"]

1. d4 f5 2. Nf3 Nf6 3. e3 e6 4. Bc4 b6 5. c3 Bb7 6. Nbd2 Be7 7. O-O O-O 8. Qc2
d5 9. Bd3 Ne4 10. Ne5 Nd7 11. Ndf3 Bf6 12. Nxd7 Qxd7 13. Bd2 Nxd2 14. Qxd2 Rae8
15. Ne1 e5 16. f4 e4 17. Be2 Bc6 18. g3 Bb5 19. Ng2 Bxe2 20. Qxe2 c6 21. b3 b5
22. a4 a6 23. axb5 axb5 24. c4 bxc4 25. bxc4 Ra8 26. Rxa8 Rxa8 27. Rb1 Ra5 28.
Rb8+ Kf7 29. Qh5+ Ke6 30. cxd5+ Kxd5 31. Qd1 Qa7 32. Qb3+ Kd6 33. Qb4+ Kc7 34.
Rf8 Ra1+ 35. Ne1 Qa5 36. Rf7+ Kc8 37. Qb7+ Kd8 38. Qd7# 1-0

[Event "ch-FRA Blitz Online Qual"]
[Site "Europe-Chess INT"]
[Date "2020.05.16"]
[Round "8"]
[White "Sepahpour, Shervine"]
[Black "Zachary, Bastian"]
[Result "0-1"]
[WhiteElo "1398"]
[BlackElo "1923"]
[WhiteFideId "45150478"]
[BlackFideId "36019402"]
[EventDate "2020.05.16"]

1. d4 Nf6 2. c4 e6 3. Nc3 Bb4 4. Nf3 O-O 5. e3 c5 6. Bd2 d6 7. Bd3 Nc6 8. O-O b6
9. Re1 Bb7 10. Qc2 h6 11. Rad1 Qc7 12. Nb5 Qb8 13. a3 Bxd2 14. Rxd2 a6 15. Nc3
e5 16. dxc5 dxc5 17. Ne4 Nxe4 18. Bxe4 Qc7 19. Red1 Rad8 20. Bxc6 Rxd2 21. Qxd2
Bxc6 22. Qd6 Qb7 23. Nxe5 Bxg2 24. Qd7 Qa8 25. Rd6 Bh3 26. f3 Bxd7 27. Nxd7 Re8
28. Nxb6 Qb8 29. Nd7 Qxd6 30. Nf6+ Qxf6 31. e4 Qxb2 32. e5 Rd8 0-1

[Event "ch-FRA Blitz Online Qual"]
[Site "Europe-Chess INT"]
[Date "2020.05.16"]
[Round "8"]
[White "Meillon, Judicael"]
[Black "Ghazaryan, Gurgen"]
[Result "1-0"]
[WhiteElo "2063"]
[BlackElo "1403"]
[WhiteFideId "36044288"]
[BlackFideId "45137609"]
[EventDate "2020.05.16"]

1. e4 c5 2. Nf3 d6 3. d4 cxd4 4. Nxd4 Nf6 5. Nc3 g6 6. f4 Bg7 7. e5 dxe5 8. fxe5
Nd5 9. Bb5+ Bd7 10. Nxd5 O-O 11. Bxd7 Qxd7 12. Nc3 Bxe5 13. Be3 Rd8 14. Nf3 Qc7
15. Qe2 Bxc3+ 16. bxc3 Qxc3+ 17. Kf2 Nc6 18. Rad1 Nb4 19. Bd4 Qxc2 20. Qxc2 Nxc2
21. Rd2 Nb4 22. Rb1 a5 23. a3 Nc6 24. Rxb7 Nxd4 25. Rxd4 Re8 26. Rdd7 Kf8 27.
Nd4 e5 28. Rxf7+ Kg8 29. Rg7+ Kh8 30. Rxh7+ Kg8 31. Rbg7+ Kf8 32. Rd7 Kg8 33.
Nf3 e4 34. Ng5 e3+ 35. Ke2 Rab8 36. Rhg7+ Kh8 37. Rxg6 Rb2+ 38. Kf3 Rf2+ 39. Kg3
e2 40. Rh7# 1-0

[Event "ch-FRA Blitz Online Qual"]
[Site "Europe-Chess INT"]
[Date "2020.05.16"]
[Round "8"]
[White "Meyssirel, Tom"]
[Black "Vine, Thibaut"]
[Result "0-1"]
[WhiteElo "1333"]
[BlackElo "1837"]
[WhiteFideId "45197245"]
[BlackFideId "20654227"]
[EventDate "2020.05.16"]

1. c4 c5 2. g3 Nc6 3. Bg2 d6 4. Nf3 e5 5. O-O f5 6. e3 Nf6 7. d4 e4 8. Nfd2 cxd4
9. exd4 Nxd4 10. Nxe4 fxe4 11. Qxd4 Bf5 12. Re1 Be7 13. Nc3 O-O 14. Nxe4 Nxe4
15. Bxe4 Bxe4 16. Rxe4 Bf6 17. Qd5+ Kh8 18. Qxb7 Rb8 19. Qd5 Qb6 20. Be3 Qxb2
21. Rd1 Qxa2 22. Qxd6 Qc2 23. Re6 Qxc4 24. Bxa7 Ra8 25. Rde1 h6 26. Bc5 Rfd8 27.
Qc6 Rac8 28. Re8+ Rxe8 29. Rxe8+ Rxe8 30. Qxe8+ Kh7 31. Be3 Qc2 32. f3 Qd1+ 33.
Kg2 Qe2+ 34. Kh3 Qxf3 35. Bf4 h5 0-1